Transitions to adulthood in a changing economy: no work, no family, no future?

Saved in:  
Bibliographic Details
Contributors: Booth, Alan 1935- (Editor)
Format: Print Book
Language:English
Published: Westport, Conn. [u.a.] Praeger c 1999
In:Year: 1999
Online Access: Table of Contents
Availability in Tübingen:Present in Tübingen.
UB: KB 19 A 7591
Check availability: HBZ Gateway
Subito Delivery Service: Order now.
Keywords:

MARC

LEADER 00000cam a2200000 c 4500
001 247830798
003 DE-627
005 20251222210924.0
007 tu
008 980819s1999 xxu||||| 00| ||eng c
010 |a  98038279  
016 7 |a 0275962385  |2 UK 
020 |a 0275962385  |c (alk. paper)  |9 0-275-96238-5 
035 |a (DE-627)247830798 
035 |a (DE-576)07914487X 
035 |a (DE-599)GBV247830798 
035 |a (OCoLC)246234387 
035 |a (OCoLC)39614826 
040 |a DE-627  |b ger  |c DE-627  |e rakwb 
041 |a eng 
044 |c XD-US  |c XA-GB 
050 0 |a HQ799.7 
082 0 |a 305.242 
084 |a 81.23  |2 bkl 
245 0 0 |a Transitions to adulthood in a changing economy  |b no work, no family, no future?  |c ed. by Alan Booth ... 
264 1 |a Westport, Conn. [u.a.]  |b Praeger  |c c 1999 
300 |a IX, 279 S.  |b graph. Darst  |c 24 cm 
336 |a Text  |b txt  |2 rdacontent 
337 |a ohne Hilfsmittel zu benutzen  |b n  |2 rdamedia 
338 |a Band  |b nc  |2 rdacarrier 
500 |a Includes bibliographical references and indexes 
500 |a Enth. 16 Beitr 
500 |a Based on a symposium held at Pennsylvania State University, Oct. 30-31, 1997 - Includes bibliographical references and indexes 
583 1 |a Archivierung prüfen  |c 20200919  |f DE-640  |z 1  |2 pdager 
648 7 |8 1.8\x  |a 30.10.1997  |2 stw 
650 7 |8 1.1\x  |a Jugendliche  |0 (DE-627)091369444  |0 (DE-2867)15924-3  |2 stw 
650 7 |8 1.2\x  |a Junge Arbeitskräfte  |0 (DE-627)091369452  |0 (DE-2867)11275-6  |2 stw 
650 7 |8 1.3\x  |a Erwerbsverlauf  |0 (DE-627)091358108  |0 (DE-2867)11299-6  |2 stw 
650 7 |8 1.4\x  |a Soziale Mobilität  |0 (DE-627)091389984  |0 (DE-2867)15716-3  |2 stw 
650 7 |8 1.5\x  |a Bildungschancen  |0 (DE-627)091351960  |0 (DE-2867)11400-1  |2 stw 
650 7 |8 1.6\x  |a Berufsbildung  |0 (DE-627)091350522  |0 (DE-2867)11360-1  |2 stw 
650 7 |8 1.7\x  |a Usa  |0 (DE-627)091396867  |0 (DE-2867)17829-1  |2 stw 
653 0 |a a  |a Young adults  |a United States  |a Social conditions  |a Congresses 
653 0 |a a  |a Young adults  |a United States  |a Economic conditions  |a Congresses 
653 0 |a a  |a Young adults  |a Employment  |a United States  |a Congresses 
653 0 |a a  |a Job vacancies  |a United States  |a Congresses 
653 0 |a a  |a School-to-work transition  |a United States  |a Congresses 
655 7 |a Konferenzschrift  |0 (DE-588)1071861417  |0 (DE-627)826484824  |0 (DE-576)433375485  |2 gnd-content 
655 7 |a Konferenzschrift  |y 1997  |z University Park, Pa.  |0 (DE-588)1071861417  |0 (DE-627)826484824  |0 (DE-576)433375485  |2 gnd-content 
689 0 0 |d g  |0 (DE-588)4078704-7  |0 (DE-627)106076612  |0 (DE-576)209209682  |a USA  |2 gnd 
689 0 1 |d s  |0 (DE-588)4028859-6  |0 (DE-627)104419199  |0 (DE-576)208979859  |a Jugend  |2 gnd 
689 0 2 |d s  |0 (DE-588)4248362-1  |0 (DE-627)104527889  |0 (DE-576)210495723  |a Wirtschaftliche Lage  |2 gnd 
689 0 3 |d s  |0 (DE-588)4077575-6  |0 (DE-627)104152044  |0 (DE-576)209205709  |a Soziale Situation  |2 gnd 
689 0 |5 (DE-627) 
700 1 |a Booth, Alan  |d 1935-  |e Hrsg.  |4 edt 
856 4 2 |u http://www.gbv.de/dms/hbz/toc/ht010738719.pdf  |m V:DE-605  |q pdf/application  |v 2008-11-15  |x Verlag  |y Inhaltsverzeichnis  |3 Inhaltsverzeichnis  |7 1 
935 |i Blocktest 
936 b k |a 81.23  |j Soziale Prozesse in Ausbildungssituationen  |0 (DE-627)106422715 
951 |a BO 
ELC |b 1 
LOK |0 000 xxxxxcx a22 zn 4500 
LOK |0 001 3108834665 
LOK |0 003 DE-627 
LOK |0 004 247830798 
LOK |0 005 19991209000000 
LOK |0 008 990810||||||||||||||||ger||||||| 
LOK |0 040   |a DE-21  |c DE-627  |d DE-21 
LOK |0 852   |a DE-21 
LOK |0 852 1  |c KB 19 A 7591  |9 00 
LOK |0 935   |a krim 
LOK |0 936ln  |a k7.3.2.2 
LOK |0 939   |a 10-08-99  |b l01 
ORI |a SA-MARC-krimdoka001.raw 
SIG |a UB: KB 19 A 7591 
TIM |a 100019970101_100019971231  |b 1997 - 1997